Priorities and objectives of smallholder rubber growers and the contribution of intercropping to livelihood strategies : A case study from Sri Lanka (Record no. 65704)

MARC details
000 -LEADER
fixed length control field 01810nam a2200193Ia 4500
100 ## - MAIN ENTRY--AUTHOR NAME
Personal name Rodrigo V H L
245 #0 - TITLE STATEMENT
Title Priorities and objectives of smallholder rubber growers and the contribution of intercropping to livelihood strategies : A case study from Sri Lanka
260 ## - PUBLICATION, DISTRIBUTION, ETC. (IMPRINT)
Name of publisher Outlook on Agriculture
300 ## - PHYSICAL DESCRIPTION
Number of Pages 261-266
520 ## - SUMMARY, ETC.
Summary, etc A case study is used to illustrate the agronomic and socioeconomic complexity of smallholder cropping systems in Sri Lanka and how rubber, and in particular the intercropping of immature rubber, has contributed to improving rural livelihoods through raising household income and capital assets. Smallholder cropping systems are extermely diverse and what appeared initially as random planting was seen to be anything but, with planting arrangements based on a thorough knowledge of local soil and microclimate conditions, as well as on the specific needs of the household. The potential benefits of intercropping immature rubber are discussed and the authors show how the more liberal attitude towards intercropping within the rubber extension service has impacted positively on the livelihoods of smallholder farmers. A cash flow was constructed for the household, indicating that over two-thirds of annual household income was derived from onfarm activities, with 70;of this from intercropping on immature rubber lan. The benefits of rubber intercropping to income generation, land tenure and upkeep of immature rubber lands are discussed within the context not only of the smallholder, but also in terms of the estate sector.
650 ## - SUBJECT ADDED ENTRY--TOPICAL TERM
Topical Term Intercropping
650 ## - SUBJECT ADDED ENTRY--TOPICAL TERM
Topical Term Smallholder rubber
650 ## - SUBJECT ADDED ENTRY--TOPICAL TERM
Topical Term Sri Lanka
700 ## - ADDED ENTRY--PERSONAL NAME
Personal name Stirling C M
700 ## - ADDED ENTRY--PERSONAL NAME
Personal name Thenakoon S
856 ## - ELECTRONIC LOCATION AND ACCESS
Uniform Resource Identifier Copy of article
942 ## - ADDED ENTRY ELEMENTS (KOHA)
Koha item type Journals
Holdings
Withdrawn status Lost status Damaged status Not for loan Home library Current library Shelving location Date acquired Serial Enumeration / chronology Koha item type
      Journals RRII Library RRII Library Agricultural economics 21/08/2003 Volume 30, Issue 4 Journals